Philosophie de l'art en Grèce / (Record no. 165992)

MARC details
000 -LEADER
campo de control de longitud fija 00794nam a22002175i 4500
001 - NÚMERO DE CONTROL
campo de control 165992
003 - IDENTIFICADOR DE NÚMERO DE CONTROL
campo de control ES-MaACL
005 - FECHA Y HORA DE LA ÚLTIMA TRANSACCIÓN
campo de control 20251015063148.0
008 - DATOS DE LONGITUD FIJA--INFORMACIÓN GENERAL
campo de control de longitud fija 020913s1869 fr |||| | fre d
040 ## - FUENTE DE CATALOGACIÓN
Centro catalogador/agencia de origen CCPB | B
Lengua de catalogación spa
Centro/agencia transcriptor CCPB | B
100 1# - ENTRADA PRINCIPAL--NOMBRE DE PERSONA
Nombre de persona Taine, Hippolyte,
Fechas asociadas al nombre 1828-1893
9 (RLIN) 109085
245 10 - MENCIÓN DEL TÍTULO
Título Philosophie de l'art en Grèce /
Mención de responsabilidad, etc. par H. Taine.
260 ## - PUBLICACIÓN, DISTRIBUCIÓN, ETC.
Lugar de publicación, distribución, etc. Paris [etc.] :
Nombre del editor, distribuidor, etc. Germer Baillière, libraire-éditeur,
Fecha de publicación, distribución, etc. 1869 (
Fabricante imprimerie de E. Martinet)
300 ## - DESCRIPCIÓN FÍSICA
Extensión 204 p. ;
Dimensiones 18 cm.
490 1# - MENCIÓN DE SERIE
Mención de serie Bibliothèque de philosophie contemporaine
650 #4 - PUNTO DE ACCESO ADICIONAL DE MATERIA--TÉRMINO DE MATERIA
Término de materia o nombre geográfico como elemento de entrada Arte-
Subdivisión general Filosofía-
Subdivisión geográfica Grecia.
9 (RLIN) 188585
752 ## - ENTRADA AGREGADA--NOMBRE JERÁRQUICO DEL LUGAR
País o entidad superior Francia -
Ciudad París
830 0# - PUNTO DE ACCESO ADICIONAL DE SERIE-TÍTULO UNIFORME
Título uniforme Bibliothèque de philosophie contemporaine
9 (RLIN) 181027
852 ## - LOCALIZACIÓN
Ubicación ES-MaACL
Número de control de estantería F-11765
Nota libre -- Enc. pasta española
Holdings
Estatus retirado Estado de pérdida Estado de daño No para préstamo Colección Biblioteca de origen Biblioteca actual Ubicación en estantería Fecha de adquisición Fuente de adquisición Total de préstamos Signatura topográfica completa Código de barras Visto por última vez Precio de reemplazo Tipo de ítem Koha
        Libros del s. XIX Biblioteca del Ateneo de Madrid Biblioteca del Ateneo de Madrid Sala Pecera Planta 2 17/01/2008     F-11765 1174081 23/02/2023 23/02/2023 Libro impreso antiguo